000 00269nam a2200085Ia 4500
008 240331s9999 xx 000 0 und d
100 _aEmmanuel, S and Maunaguru, S. ed
245 0 _aPeralivukalukkup Pennkal Mugam Koduthal :
_bThennasiya Anubawangalum Sawaalkalum
942 _cL
999 _c5743
_d5743